| 000 | 00380nam a2200145Ia 4500 | ||
|---|---|---|---|
| 008 | 230917s9999||||xx |||||||||||||| ||und|| | ||
| 040 |
_e186294 _aMAIN |
||
| 041 | _aEnglish | ||
| 082 | _a620.5 C738C | ||
| 100 | _aAndrews, David L , ed. | ||
| 245 | 0 | _aComprehensive nanoscience and technology. 5V. | |
| 260 |
_aNew York _bAcademic Press _c2011 |
||
| 300 | _av. p. | ||
| 942 | _cBK | ||
| 999 |
_c161935 _d161935 |
||